000 00645nam a2200229Ia 4500
003 OSt
005 20221007081637.0
006 a|||||r|||| 00| 0
007 ta
008 221006b |||||||| |||| 00| 0 eng d
024 _a44,886
037 _cTextual
040 _aFLL
_cFLL
_beng
041 _2eng
_aeng
082 _aY:4:65:(Z1), Q6
100 _aRENEMAN Marcelle
_9697765
245 0 _aEU asylum procedures and the right to an effective remedy
260 _aOregon
_bHart Publishing USA
_c2016
300 _axii,413p.
_ccm.
942 _hY:4:65:(Z1), Q6
_cTEXL
_2CC
999 _c1163807
_d1163807